00300nam a2200109Ia 4500008004100000100002600041245004400067260004300111650001200154942000700166999001700173190216s9999||||xx |||||||||||||| ||und|| aVijayalayam Jayakumar 0aBasheerinde Katha Sahithyam Oru Padanam bSahithya Pravarthaka Sahakarana Sangam aPadanam cBK c26346d26346